[Event "EIRCC 2019"]
[Site "Tallinn"]
[Date "2019.12.06"]
[Round "8.2"]
[White "Sargissian, Gabriel"]
[Black "Riazantsev, Alexander"]
[Result "1-0"]
[WhiteElo "2715"]
[BlackElo "2594"]
[Annotator "TA"]
[PlyCount "103"]
[EventDate "2019.12.05"]
[EventType "swiss"]
[EventCountry "EST"]
[SourceTitle "playchess.com"]
[Source "ChessBase"]
[SourceQuality "1"]

{[%evp 22,103,2,10,32,30,29,29,28,25,30,29,31,32,38,31,31,31,31,31,30,14,14,14,14,14,14,14,40,43,66,68,134,134,134,134,191,135,200,102,145,145,147,151,150,172,158,141,147,146,152,132,198,159,159,160,259,237,449,439,391,370,256,276,1277,1737,870,740,2535,2227,29964,5037,29960,29962,29974,29973,29972,29973,29975,29974,29976,29977,29977,29977]} 1. d4 d5 2. c4 e6 3. Nf3 Nf6 4. Nc3 Bb4 5. Bg5 h6 6. Bxf6 Qxf6 7. e3 O-O 8. Qb3 c5 9. cxd5 exd5 10. dxc5 Bxc3+ 11. Qxc3 Qxc3+ 12. bxc3 Be6 {D38: Queen's Gambit Declined: Ragozin Defence (4 Nf3 Bb4)} 13. Bb5 Rc8 14. Nd4 Rxc5 {White has an edge.} 15. Kd2 Rc7 {[#]} 16. a4 $146 ({Predecessor:} 16. Rhb1 Nd7 17. Bxd7 Bxd7 18. Rb3 b6 19. Rab1 Kf8 20. Ra3 {0-1 (60) Zhao,J (2624)-Ju,W (2583) Beijing 2017}) 16... Nd7 17. Bxd7 Bxd7 18. a5 Rac8 19. Rhb1 Kf8 20. Ra3 Ke7 21. Nb5 (21. Rab3 {seems wilder.} Rb8 22. Kd3 h5 23. g3 Kd6 24. Nb5+) 21... Bxb5 22. Rxb5 $11 {[%mdl 4096] Endgame KRR-KRR} Rd7 23. Rab3 Rcc7 24. Kd3 Kd6 25. R3b4 Rc5 26. Kd4 Rxb5 (26... Rdc7 $1 $14) 27. Rxb5 $14 {KR-KR} Ke6 28. f4 $1 h5 (28... f5 $16 29. h3 h5) 29. g3 ({Better is} 29. f5+ $18 Kf6 30. Rxd5) 29... f6 (29... g6 $16) 30. h3 ({White should play} 30. f5+ $1 $18 Ke7 31. Rxd5) 30... g6 31. g4 h4 32. Rc5 Rd6 33. Rc7 Ra6 34. Rxb7 Rxa5 {[#]} 35. Rg7 $1 Ra1 36. Rxg6 {And now g5 would win.} Rd1+ 37. Kc5 Kf7 38. Rh6 Rd3 (38... Kg7 $16 {was necessary.} 39. Rxh4 Rd3) 39. Rxh4 $18 {Rh7+ is the strong threat.} Rxe3 $2 (39... Kg8 40. Rh6 Kg7) 40. Kd4 Rf3 41. Rh7+ Kg6 42. Rxa7 {aiming for f5+.} Rxf4+ $2 (42... Rxh3 43. Ra3 Rf3) 43. Kxd5 Rf3 {[#]} 44. c4 $1 {[%cal Bc3c4,Bc4c5,Bc5c6][%mdl 32]} Rd3+ 45. Kc6 Rxh3 46. c5 Rc3 47. Ra4 {White mates.} Kg5 48. Kd6 Rd3+ 49. Kc7 Rg3 50. c6 Rc3 51. Kd6 Rd3+ 52. Kc5 {Accuracy: White = 87%, Black = 34%.} 1-0

[Event "EIRCC 2019"]
[Site "Tallinn"]
[Date "2019.12.06"]
[Round "8.3"]
[White "Demidov, Mikhail"]
[Black "Motylev, Alexander"]
[Result "1/2-1/2"]
[WhiteElo "2635"]
[BlackElo "2703"]
[Annotator "TA"]
[PlyCount "123"]
[EventDate "2019.12.05"]
[EventType "swiss"]
[EventCountry "EST"]
[SourceTitle "playchess.com"]
[Source "ChessBase"]
[SourceQuality "1"]

{[%evp 16,123,0,0,0,0,25,0,5,4,11,-2,1,0,0,0,0,0,0,-18,-17,-18,-15,-16,-16,-16,-16,-12,-10,-13,0,0,0,0,10,10,13,13,11,14,14,-54,-54,-54,-51,-44,-42,-51,-30,-30,-27,-54,-54,-54,-54,-54,-54,-54,-54,-54,-54,-54,-54,-54,-45,-53,-45,-45,-45,-54,-8,-8,0,0,0,-54,-53,-52,0,-45,-45,-45,-45,-45,0,0,0,-6,0,0,0,0,0,0,0,0,0,0,0,0,0,0,0,0,0,0,0,0,0,0]} 1. Nf3 d5 2. g3 g6 3. Bg2 Bg7 4. O-O e5 5. d3 Ne7 6. e4 O-O 7. exd5 Nxd5 8. Re1 Nc6 9. Nc3 Nde7 {A07: Réti Opening: New York and Capablanca Systems} 10. Rb1 Rb8 $146 ({Predecessor:} 10... a5 11. a3 Re8 12. b4 axb4 13. axb4 Nf5 14. Bg5 f6 15. Bd2 Be6 16. b5 Nce7 17. g4 {1-0 (30) Carlsen,M (2832)-Nakamura,H (2786) chess.com INT 2018}) 11. Bd2 Re8 12. b4 {[%cal Bb2b4,Bb4b5][%mdl 32]} Nf5 13. Ne4 h6 14. b5 Ncd4 15. Nxd4 Nxd4 16. Bc3 b6 17. Nd2 a6 18. a4 axb5 19. axb5 Bd7 20. Bxd4 $1 exd4 21. Rb4 Rxe1+ 22. Qxe1 Qf8 23. Rc4 Re8 24. Qb1 Qd6 25. Ne4 Qe5 26. f4 Qe6 27. Rxc7 f5 28. Nf2 (28. Bh3 $11) 28... Qe1+ $15 29. Qxe1 Rxe1+ 30. Bf1 Bxb5 31. Rc8+ Kh7 32. Rb8 Bc6 33. Rxb6 Bf3 {White must now prevent ...Be2.} 34. Nh3 $1 {Black should prevent Kf2.} Bg4 {aiming for ...Bxh3.} 35. Kf2 {[#]} Rxf1+ $1 {[%mdl 576] Remove Defender} 36. Kxf1 Bxh3+ 37. Kf2 g5 38. Rc6 Kg8 39. Rc7 Bg4 40. Rb7 Bd1 41. Rc7 Bf6 42. h3 Bh5 43. Rc5 Bg6 44. Kf3 Kg7 45. Kf2 (45. Ra5 $11) 45... gxf4 46. gxf4 Bh7 (46... h5 $15) 47. Rc7+ Kg6 48. Rc8 Bh4+ 49. Kf3 Be1 50. Ke2 {The position is equal.} Bc3 51. Kf3 Kh5 52. Kg3 Be1+ 53. Kg2 Bg6 54. Rd8 Bc3 55. Rd5 Kh4 56. Rd6 Kh5 {Threatens to win with ...Be8.} 57. Rd5 Bh7 (57... Be8 {looks sharper.} 58. Rxf5+ Kg6 59. Rc5 Bd7 60. Kg3 Be1+) 58. Kg3 Kg6 59. Rd6+ Kh5 60. Rd5 Bg6 61. Re5 Bh7 62. Rd5 {Accuracy: White = 68%, Black = 63%.} 1/2-1/2

[Event "EIRCC 2019"]
[Site "Tallinn"]
[Date "2019.12.06"]
[Round "8.4"]
[White "Kulaots, Kaido"]
[Black "Guseinov, Gadir"]
[Result "1-0"]
[WhiteElo "2544"]
[BlackElo "2691"]
[Annotator "TA"]
[PlyCount "123"]
[EventDate "2019.12.05"]
[EventType "swiss"]
[EventCountry "EST"]
[SourceTitle "playchess.com"]
[Source "ChessBase"]
[SourceQuality "1"]

{[%evp 9,123,10,0,6,18,31,33,28,39,32,52,27,25,38,44,26,25,32,49,52,42,15,70,19,62,47,68,60,58,62,59,66,59,56,54,41,79,59,62,62,58,18,12,0,0,-8,-12,-22,0,0,66,0,0,0,293,91,97,99,99,101,129,126,129,113,131,133,122,123,123,117,118,123,128,129,176,176,223,223,225,221,220,220,338,319,620,582,794,793,793,750,681,666,666,659,5594,5608,5543,0,0,0,5069,4743,4727,4614,92,2243,29970,29970,29970,29972,29977,29976,29980,29977,29979,29976]} 1. e4 c5 2. Nf3 g6 3. Bc4 Bg7 4. c3 e6 5. d4 cxd4 6. Nxd4 {B27: Sicilian: 2 Nf3, unusual Black 2nd moves} (6. cxd4 d5 7. exd5 exd5 8. Bb3 Ne7 9. h3 Nbc6 10. O-O O-O 11. Nc3 h6 12. Bf4 Bf5 {0-1 (43) Safarli,E (2649)-Iturrizaga Bonelli,E (2653) Dubai 2014}) 6... a6 7. O-O Ne7 8. Re1 {White is slightly better.} d6 $146 ({Predecessor:} 8... O-O 9. Bg5 h6 10. Bh4 g5 11. Bg3 d5 12. exd5 exd5 {½-½ (33) Blagojevic,T (2075)-Spiridonov,N (2221) Albena 2014}) 9. Bg5 Qc7 10. Nd2 (10. Na3 {keeps more tension.} h6 11. Be3 O-O 12. Qd2 Kh7 13. Rad1) 10... Nbc6 11. Nxc6 Nxc6 12. Nf3 b5 13. Bf1 Bb7 14. Qd2 h6 15. Bf4 Ne5 ({Black should try} 15... e5 $11 16. Bg3 Na5) 16. Nd4 ({Better is} 16. a4 $14) 16... g5 17. Bg3 $1 Qe7 18. a4 bxa4 19. Rxa4 O-O 20. f3 Rfd8 21. Rea1 d5 22. exd5 ({But not} 22. Bxa6 dxe4 23. fxe4 Nc6 $11) 22... Bxd5 23. Rxa6 Rxa6 24. Rxa6 Nc4 25. Bxc4 Bxc4 26. Rc6 Bd5 27. Rc7 Qf6 $1 28. Qe3 e5 29. Nc2 h5 (29... Qg6 $11 30. Ne1 e4) 30. Nb4 (30. Rc5 $14) 30... Ba8 $11 {aiming for ...g4.} 31. Rc5 {[%cal Rg3e5]} e4 $2 {[%mdl 8192]} (31... Qg6 $11 {and Black has nothing to worry.}) 32. Qxg5 $2 ({Don't play} 32. Rxg5 $6 Qe7 $18) (32. Be5 $18 Qe6 33. Bxg7 (33. Qxg5 f6 $11) 33... exf3 34. Qxe6 Rd1+ 35. Kf2 fxe6 36. Rxg5 Rd2+ 37. Ke1 Re2+ 38. Kd1) 32... exf3 {[#] ( -> ...f2+!)} 33. Qxf6 Bxf6 34. gxf3 h4 35. Be5 Be7 36. Rc7 Bxb4 37. cxb4 Bxf3 $16 {[%mdl 4096] Endgame KRB-KRB} 38. Kf2 Bh1 39. Rc4 Rd5 40. Bc3 h3 41. Rh4 {[%csl Gc3][%cal Rh4h8] [#]} f5 42. Rxh3 Kf7 43. Rh6 Be4 44. Ke3 Bd3 45. h4 Bb5 (45... f4+ $142 46. Kxf4 Bg6) 46. h5 $18 Kg8 $2 (46... f4+ 47. Ke4 Rd7 48. Kxf4 Be2 49. Rh7+ Ke8) 47. Kf4 Be2 48. Rh8+ Kf7 49. Rh7+ Ke6 50. h6 Rd3 {If only Black now had time for ...Rf3+....} 51. Rb7 Rf3+ 52. Kg5 Rg3+ 53. Kf4 Rf3+ 54. Kg5 Rg3+ 55. Kh4 Rg4+ 56. Kh3 Bf1+ 57. Kh2 Bg2 58. h7 {White mates.} Bxb7 59. h8=Q Be4 60. Qe5+ Kf7 61. b5 Kg6 62. b6 {Accuracy: White = 59%, Black = 48%.} 1-0

[Event "EIRCC 2019"]
[Site "Tallinn"]
[Date "2019.12.06"]
[Round "8.5"]
[White "Hjartarson, Johann"]
[Black "Mamedov, Rauf"]
[Result "1/2-1/2"]
[WhiteElo "2534"]
[BlackElo "2679"]
[Annotator "TA"]
[PlyCount "70"]
[EventDate "2019.12.05"]
[EventType "swiss"]
[EventCountry "EST"]
[SourceTitle "playchess.com"]
[Source "ChessBase"]
[SourceQuality "1"]

{[%evp 20,70,30,0,0,0,14,7,0,0,0,0,0,0,0,0,0,0,0,-4,0,0,7,0,0,0,0,0,63,18,37,40,36,18,54,23,46,-13,-14,-18,-20,-66,-66,-104,-66,-212,0,0,0,-95,-93,-29993,-29994]} 1. e4 c5 2. Nf3 Nc6 3. d4 cxd4 4. Nxd4 Nf6 5. Nc3 e5 6. Ndb5 d6 7. Bg5 a6 8. Na3 b5 9. Nd5 Be7 10. Bxf6 Bxf6 11. c4 b4 {B33: Sicilian: Pelikan and Sveshnikov Variations} 12. Nc2 O-O 13. g3 a5 {The position is equal.} (13... Bg5 14. Bg2 a5 15. O-O Ne7 16. Nce3 Bxe3 17. Nxe3 Be6 18. b3 Ra7 19. Qd3 {½-½ (52) Nepomniachtchi,I (2776)-Yu,Y (2763) Khanty-Mansiysk 2019}) 14. h4 Be6 15. Bh3 a4 16. Kf1 b3 17. axb3 axb3 18. Nce3 Nd4 19. Kg2 Kh8 {[#]} 20. Qd3 $146 ({Predecessor:} 20. Rxa8 Qxa8 21. Nxf6 gxf6 {½-½ (65) Brkic,A (2565)-Abasov,N (2629) Austria 2019}) 20... Qb8 21. Nxf6 gxf6 22. Nd5 Ra2 23. Rab1 Qd8 (23... Qc8 $11) 24. Qe3 Rg8 25. Rhd1 Bxd5 26. cxd5 Ra4 27. Rbc1 f5 28. exf5 (28. Bxf5 $14 Nxf5 29. exf5) 28... Qxh4 $1 $11 29. Rc8 {Threatens to win with Rxg8+.} Qf6 30. Rxg8+ Kxg8 31. Qe4 Qg5 32. Rd3 {[#]} (32. f4 $15 Qh5 33. Rc1) 32... Rc4 $2 {[#]} (32... Ra2 $1 $19 {[%cal Ra2b2]} 33. Rxd4 exd4 34. Qxd4 Ra1) 33. Rxb3 $1 {[%mdl 512] Rb6 is the strong threat.} Rc2 (33... Nxb3 34. Qxc4) 34. Rb7 (34. Rb8+ $11 {remains equal.} Kg7 35. Rb4 Rxf2+ {[%mdl 64] Decoy} 36. Kxf2 Qd2+ {[%mdl 64] Double Attack} 37. Kg1 Qxb4 {[#]} 38. f6+ $1 {[%mdl 576] Decoy} Kxf6 39. Qh4+ Kg7 40. Qg5+ Kh8 41. Qf6+ Kg8 42. Qg5+ Kf8 43. Qd8+ Kg7 44. Qg5+ Kf8 45. Qd8+ Kg7 46. Qg5+) 34... h5 $17 {[%mdl 1024] And now ...Qd2! would win. Black has strong compensation.} 35. Qh4 $2 {[%mdl 8192] [#]} (35. Rb8+ $17 Kg7 36. Qd3) 35... Rxf2+ $1 {[%mdl 33344] Double Attack. Accuracy: White = 36%, Black = 61%. . An unexpected result.} 1/2-1/2

[Event "EIRCC 2019"]
[Site "Tallinn"]
[Date "2019.12.06"]
[Round "8.6"]
[White "Turov, Maxim"]
[Black "Lintchevski, Daniil"]
[Result "1-0"]
[WhiteElo "2647"]
[BlackElo "2515"]
[Annotator "TA"]
[PlyCount "97"]
[EventDate "2019.12.05"]
[EventType "swiss"]
[EventCountry "EST"]
[SourceTitle "playchess.com"]
[Source "ChessBase"]
[SourceQuality "1"]

{[%evp 14,97,26,12,12,0,0,-6,15,15,36,0,16,20,18,20,19,10,7,7,114,115,109,97,128,100,103,104,165,160,221,189,187,122,115,120,122,89,100,93,108,96,106,102,118,96,86,47,47,47,109,108,134,125,139,117,329,313,279,198,554,524,539,539,517,466,12835,12836,12839,12840,12847,12847,12848,12847,12847,12847,12849,12848,12850,12850,12850,12851,12851,12851,12851,12851]} 1. d4 d5 2. c4 c6 3. Nf3 Nf6 4. Nc3 a6 5. e3 b5 6. b3 Bg4 7. Be2 e6 8. Ne5 Bxe2 {D15: Slav Defence: 4 Nc3 a6 and gambit lines after 4 Nc3 dxc4} 9. Nxe2 (9. Qxe2 Bd6 10. O-O O-O 11. Bb2 bxc4 12. bxc4 Nbd7 13. f4 c5 14. cxd5 cxd4 15. exd4 Nxd5 16. Ne4 {0-1 (32) Esipenko,A (2624)-Svidler,P (2729) Khanty-Mansiysk 2019}) 9... Nbd7 10. O-O Rc8 {The position is equal.} 11. Bb2 Be7 12. Rc1 Nxe5 13. dxe5 Nd7 14. cxd5 $146 ({Predecessor:} 14. Nf4 O-O 15. Qg4 Kh8 16. Rfd1 bxc4 17. bxc4 Rb8 {0-1 (52) Le Huec,M (2211)-Franca,R (2215) France 2007}) 14... cxd5 15. Nd4 Bc5 16. Qg4 Bxd4 (16... O-O $11) 17. Qxd4 $16 {And now Rxc8 would win.} ({Don't play} 17. Bxd4 O-O $11) 17... O-O 18. Qa7 Qe7 19. Rc7 Rxc7 20. Qxc7 Re8 (20... Rb8 $16 {keeps fighting.}) 21. Rc1 $18 f6 (21... Qd8 $16 22. Qa7 Nf8) 22. exf6 Nxf6 23. Qxe7 (23. Qc6 $18) 23... Rxe7 {[%mdl 4096] Endgame KRB-KRN} 24. Rc6 a5 25. Kf1 Kf7 26. Ke2 Rb7 27. Kd3 Nd7 28. f4 h5 29. Bc3 a4 30. Bd4 axb3 31. axb3 h4 ({Black should try} 31... b4 $14) 32. g4 hxg3 33. hxg3 Nf6 {[#]} 34. Bxf6 $1 Kxf6 $2 $16 {KR-KR} (34... gxf6 $16 35. g4 Ke7) 35. g4 $18 g6 36. e4 {Threatens to win with exd5.} dxe4+ $2 (36... Rd7 {is tougher.} 37. e5+ Ke7) 37. Kxe4 {White is clearly winning.} b4 {[#]} 38. Rc5 $1 Ke7 39. Ke5 g5 (39... Kf7 $142 40. g5 Ke7) 40. fxg5 Kf7 41. g6+ {[%mdl 64] Deflection} Kxg6 42. Kxe6 Rb6+ 43. Kd7 {Rc6+ would kill now.} Rb8 44. Kc6 Re8 45. Rc4 Rb8 46. Kc5 Kg5 47. Rxb4 Rc8+ 48. Kd6 Rc3 49. Rb8 {Accuracy: White = 59%, Black = 28%.} 1-0

[Event "EIRCC 2019"]
[Site "Tallinn"]
[Date "2019.12.06"]
[Round "8.7"]
[White "Stupak, Kirill"]
[Black "Sebenik, Matej"]
[Result "1/2-1/2"]
[WhiteElo "2552"]
[BlackElo "2504"]
[Annotator "ChessBase"]
[PlyCount "41"]
[EventDate "2019.12.05"]
[EventType "swiss"]
[EventCountry "EST"]
[SourceTitle "playchess.com"]
[Source "ChessBase"]
[SourceQuality "1"]
[TimeControl "900+10"]

1. d4 {[%emt 0:00:00]} Nf6 {[%emt 0:00:00]} 2. c4 {[%emt 0:00:00]} e6 {[%emt 0:00:00]} 3. Nf3 {[%emt 0:00:00]} d5 {[%emt 0:00:00]} 4. Bg5 {[%emt 0:00:18]} Be7 {[%emt 0:00:02]} 5. e3 {[%emt 0:00:04]} O-O {[%emt 0:00:10]} 6. Nc3 {[%emt 0:00:26]} h6 {[%emt 0:00:03]} 7. Bh4 {[%emt 0:00:01]} Nbd7 {[%emt 0:00:20]} 8. Rc1 {[%emt 0:00:52]} c5 {[%emt 0:00:33]} 9. cxd5 {[%emt 0:01:03]} Nxd5 {[%emt 0:00:03]} 10. Bxe7 {[%emt 0:00:26]} Nxe7 {[%emt 0:00:02]} 11. Be2 {[%emt 0:00:56]} b6 {[%emt 0:00:35]} 12. Bb5 {[%emt 0:01:42]} cxd4 {[%emt 0:02:52]} 13. Nxd4 {[%emt 0:01:07]} Nf6 {[%emt 0:00:04]} 14. O-O {[%emt 0:00:55]} Bb7 {[%emt 0:00:14]} 15. Be2 {[%emt 0:00:42]} Qb8 {[%emt 0:05:14]} 16. Qb3 {[%emt 0:00:57]} Ned5 {[%emt 0:00:31]} 17. Bf3 {[%emt 0:02:38]} Nxc3 {[%emt 0:00:03]} 18. Qxc3 {[%emt 0:00:53]} Bxf3 {[%emt 0:00:04]} 19. Nxf3 {[%emt 0:00:26]} Rc8 {[%emt 0:00:02]} 20. Qa3 {[%emt 0:00:57]} Qb7 {[%emt 0:00:17]} 21. h3 1/2-1/2

[Event "EIRCC 2019"]
[Site "Tallinn"]
[Date "2019.12.06"]
[Round "8.8"]
[White "Kukk, Sander"]
[Black "Andriasian, Zaven"]
[Result "0-1"]
[WhiteElo "2313"]
[BlackElo "2633"]
[Annotator "TA"]
[PlyCount "68"]
[EventDate "2019.12.05"]
[EventType "swiss"]
[EventCountry "EST"]
[SourceTitle "playchess.com"]
[Source "ChessBase"]
[SourceQuality "1"]

{[%evp 9,68,3,14,-8,-11,-17,0,0,22,-72,-70,-69,-68,-86,-70,-122,-110,-192,-124,-119,-120,-131,-119,-413,-198,-275,-150,-203,-163,-200,-107,-116,-110,-95,-95,-190,-168,-314,-284,-687,-691,-672,-670,-578,-571,-884,-413,-410,-404,-409,-402,-416,-411,-510,-403,-443,-375,-686,-669,-710,-682]} 1. b3 e5 2. Bb2 Nc6 3. e3 d6 4. Bb5 Bd7 5. Nf3 a6 (5... e4 6. Nd4 Qg5 7. Bxc6 bxc6 8. Rg1 Nf6 9. Nc3 d5 10. Qe2 a6 11. Qf1 Ng4 12. h3 Nh2 13. f4 Nxf1 14. fxg5 {0-1 (66) Himanshu,S (2417)-Venkatesh,M (2520) Chennai 2012}) 6. Be2 {A01: Nimzowitsch-Larsen Opening} e4 7. Nd4 Qg5 $146 ({Predecessor:} 7... Nxd4 8. Bxd4 c5 9. Bb2 Bb5 10. O-O f6 11. Nc3 Bxe2 12. Qxe2 d5 13. Qh5+ {0-1 (41) Bernat Mor,J-Bermejo Cuadra,R Barcelona 2009}) 8. Kf1 {The position is equal.} Nf6 9. f4 (9. h4 $11 Qg6 10. d3) 9... exf3 $17 10. Bxf3 d5 $36 {[%mdl 2048] Black is more active.} 11. Nxc6 Bxc6 12. Kf2 ({White should try} 12. h4 $15 Qg6 13. Be5) 12... Bd6 13. Nc3 {[#]} (13. Kg1 $17) 13... O-O-O ({Black should play} 13... d4 $1 $19 {[%cal Rd4c3][%mdl 512]} 14. exd4 O-O 15. Bxc6 bxc6) 14. Ne2 h5 15. h4 Qg6 16. g3 $2 {[%mdl 8192] [#]} (16. Bd4 $17) 16... Ng4+ (16... d4 $142 $1 {[%mdl 512]} 17. Bxd4 Bxf3 18. Kxf3 Ne4) 17. Kg2 {[#]} (17. Bxg4+ {keeps fighting.} Qxg4 18. Nf4) 17... Kb8 (17... d4 $1 $19 {[%mdl 512]} 18. Nxd4 (18. Bxd4 Bxf3+) 18... Bxg3 $1 {[%mdl 512]} 19. Bxc6 Be5) 18. Rf1 (18. Bd4 $17) 18... f6 19. Nf4 Bxf4 (19... Qh6 $19 20. Bd4 Bd7) 20. exf4 d4 21. Bxc6 bxc6 22. Rc1 (22. f5 $17 {might work better.} Qe8 23. Qf3) 22... Rhe8 $19 {Threatens to win with ...d3.} 23. Qf3 {[#]} (23. f5 {was the only chance.} Qf7 24. Qf3) 23... d3 $1 {Hoping for ...Re2+.} 24. f5 $2 (24. Rfe1 Rxe1 {[%mdl 64] Overworked Piece} 25. Rxe1 dxc2 {[%mdl 64] Discovered Attack} 26. d4) 24... Qh6 25. Bc3 Re2+ 26. Kg1 Rxd2 27. Rce1 Rxc2 (27... dxc2 $142 28. Qe4 R2d3 {[%mdl 64] Double Attack}) 28. Qxc6 {[#] Re4 is the strong threat.} Qd2 $1 {[%cal Rd2h2][%mdl 512]} 29. Bxd2 Rxc6 30. Re7 Rc2 31. Rd1 Kb7 32. a4 Rd5 33. b4 $2 (33. Rxg7 Rxf5 34. Bf4) 33... Rxf5 34. Rd7 Ne5 {Accuracy: White = 17%, Black = 62%.} 0-1

[Event "EIRCC 2019"]
[Site "Tallinn"]
[Date "2019.12.06"]
[Round "8.9"]
[White "Lysyj, Igor"]
[Black "Vlassow, Valentin"]
[Result "1-0"]
[WhiteElo "2599"]
[BlackElo "2394"]
[Annotator "ChessBase"]
[PlyCount "61"]
[EventDate "2019.12.05"]
[EventType "swiss"]
[EventCountry "EST"]
[SourceTitle "playchess.com"]
[Source "ChessBase"]
[SourceQuality "1"]
[TimeControl "900+10"]

1. d4 {[%emt 0:00:00]} d5 {[%emt 0:00:00]} 2. Nf3 {[%emt 0:00:00]} Bf5 {[%emt 0:00:17]} 3. c4 {[%emt 0:00:00]} e6 {[%emt 0:00:01]} 4. cxd5 {[%emt 0:00:00]} exd5 {[%emt 0:00:01]} 5. Qb3 {[%emt 0:00:00]} Nc6 {[%emt 0:00:02]} 6. Nc3 {[%emt 0:00:01]} Nf6 {[%emt 0:00:02]} 7. Bg5 {[%emt 0:00:04]} Be7 {[%emt 0:04:13]} 8. Bxf6 {[%emt 0:00:02]} Bxf6 {[%emt 0:00:01]} 9. e3 {[%emt 0:00:02]} Ne7 {[%emt 0:02:19]} 10. Qxb7 {[%emt 0:00:02]} O-O {[%emt 0:00:02]} 11. Qa6 {[%emt 0:02:38]} Rb8 {[%emt 0:00:58]} 12. Na4 {[%emt 0:00:34]} c5 {[%emt 0:00:48]} 13. Nxc5 {[%emt 0:00:38]} Rxb2 {[%emt 0:00:09]} 14. Bd3 {[%emt 0:01:50]} Bg4 {[%emt 0:03:00]} 15. O-O {[%emt 0:00:28]} Bxf3 {[%emt 0:00:03]} 16. gxf3 {[%emt 0:00:01]} Ng6 {[%emt 0:01:55]} 17. Bxg6 {[%emt 0:00:41]} hxg6 {[%emt 0:00:04]} 18. Rfb1 {[%emt 0:04:37]} Rc2 {[%emt 0:00:02]} 19. Qd3 {[%emt 0:01:58]} Rxc5 {[%emt 0:00:27]} 20. dxc5 {[%emt 0:00:01]} Bxa1 {[%emt 0:00:02]} 21. Rxa1 {[%emt 0:00:01]} Qg5+ {[%emt 0:01:49]} 22. Kf1 {[%emt 0:01:01]} Rd8 {[%emt 0:01:23]} 23. Qd4 {[%emt 0:02:27]} Qh5 {[%emt 0:00:22]} 24. Kg2 {[%emt 0:00:02]} Qg5+ {[%emt 0:00:12]} 25. Qg4 {[%emt 0:00:01]} Qe5 {[%emt 0:00:09]} 26. Rd1 {[%emt 0:00:05]} Qb2 {[%emt 0:00:14]} 27. Qg5 {[%emt 0:00:39]} f6 {[%emt 0:00:26]} 28. Qxg6 {[%emt 0:00:28]} Qxa2 {[%emt 0:00:02]} 29. Qf5 {[%emt 0:00:28]} Qc4 {[%emt 0:00:17]} 30. Qe6+ {[%emt 0:00:05]} Kh8 {[%emt 0:00:01]} 31. Rd4 {[%emt 0:00:08]} 1-0

[Event "EIRCC 2019"]
[Site "Tallinn"]
[Date "2019.12.06"]
[Round "8.10"]
[White "Kozak, Adam"]
[Black "Postny, Evgeny"]
[Result "1-0"]
[WhiteElo "2240"]
[BlackElo "2598"]
[Annotator "ChessBase"]
[PlyCount "41"]
[EventDate "2019.12.05"]
[EventType "swiss"]
[EventCountry "EST"]
[SourceTitle "playchess.com"]
[Source "ChessBase"]
[SourceQuality "1"]
[TimeControl "900+10"]

1. Nf3 {[%emt 0:00:00]} d5 {[%emt 0:00:11]} 2. g3 {[%emt 0:00:00]} c6 {[%emt 0:00:06]} 3. Bg2 {[%emt 0:00:03]} Bg4 {[%emt 0:00:01]} 4. O-O {[%emt 0:00:10]} e6 {[%emt 0:00:03]} 5. h3 {[%emt 0:00:03]} Bxf3 {[%emt 0:00:06]} 6. Bxf3 {[%emt 0:00:04]} Nf6 {[%emt 0:00:05]} 7. d4 {[%emt 0:00:45]} Nbd7 {[%emt 0:00:15]} 8. Nd2 {[%emt 0:00:11]} e5 {[%emt 0:00:52]} 9. e4 {[%emt 0:03:53]} dxe4 {[%emt 0:00:25]} 10. dxe5 {[%emt 0:00:03]} exf3 {[%emt 0:01:47]} 11. exf6 {[%emt 0:00:06]} Qxf6 {[%emt 0:00:22]} 12. Re1+ {[%emt 0:01:12]} Be7 {[%emt 0:05:36]} 13. Nxf3 {[%emt 0:00:03]} h6 {[%emt 0:02:21]} 14. Be3 {[%emt 0:02:51]} c5 {[%emt 0:01:16]} 15. Bd2 {[%emt 0:01:53]} Qc6 {[%emt 0:00:26]} 16. Bc3 {[%emt 0:00:51]} f6 {[%emt 0:00:28]} 17. Nh4 {[%emt 0:00:46]} Kd8 {[%emt 0:00:46]} 18. Ng6 {[%emt 0:01:59]} Re8 {[%emt 0:00:02]} 19. Qe2 {[%emt 0:00:02]} Ne5 {[%emt 0:00:46]} 20. Nxe5 {[%emt 0:00:40]} fxe5 {[%emt 0:00:03]} 21. Qxe5 {[%emt 0:00:04]} 1-0